Ομάδα και Ηγεσία στην Εργασία (Record no. 8280)
[ view plain ]
| 000 -LEADER | |
|---|---|
| fixed length control field | 01545cam a22001934a 4500 |
| 005 - ΗΜΕΡΟΜΗΝΙΑ ΚΑΙ ΩΡΑ ΤΕΛΕΥΤΑΙΑΣ ΕΝΗΜΕΡΩΣΗΣ | |
| Πεδίο ελέγχου | 20250605164331.0 |
| 008 - FIXED-LENGTH DATA ELEMENTS--GENERAL INFORMATION | |
| Πεδίο ελέγχου σταθερού μήκους | 250528s ||||||||||||||||||||||||d |
| 035 ## - SYSTEM CONTROL NUMBER | |
| System control number | 23251 |
| 020 ## - ISBN | |
| ISBN | 9786185216139 |
| 040 ## - ΠΗΓΗ ΚΑΤΑΛΟΓΟΓΡΑΦΗΣΗΣ | |
| Φορέας πρωτότυπης καταλογογράφησης | MC Athens Campus Library |
| Γλώσσα καταλογογράφησης | Ελληνικά, Μοντέρνα (1453-) |
| Modifying agency | MC Athens Campus Library |
| Κανόνες περιγραφικής καταλογογράφησης | AACR2 |
| 245 1# - ΤΙΤΛΟΣ ΚΑΙ ΔΗΛΩΣΗ ΥΠΕΥΘΥΝΟΤΗΤΑΣ | |
| Τίτλος | Ομάδα και Ηγεσία στην Εργασία |
| 260 ## - PUBLICATION, DISTRIBUTION, ETC. | |
| Name of publisher, distributor, etc. | Ownbook, |
| Date of publication, distribution, etc. | 2016 |
| 300 ## - PHYSICAL DESCRIPTION | |
| Extent | 232 |
| 520 ## - SUMMARY, ETC. | |
| Summary, etc. | Στο παρόν βιβλίο επιχειρείται μια προσέγγιση βασιζόμενη στις προκλήσεις σε σχέση με το ζήτημα των ομάδων και μια κανονιστική προσέγγιση, η οποία επικεντρώνεται στον ''τρόπο'' διοίκησης μιας συλλογικότητας ή μιας ομάδας. Εισαγωγή, Δημιουργία και Διατήρηση Συνοχής στην Ομάδα, Επικοινωνία, Συγκρούσεις, Παρακίνηση, Συμπερίληψη στην Ομάδα, Διαφορετικότητα, Ομάδα και Προσωπικότητες, Κοινωνική Οκνηρία, Αξιοπιστία του Αρχηγού, Διαχείριση των Προβλημάτων κατά τη Μετάβαση σε Νέα Ηγεσία, Νέοι Ηγέτες, Αποτελεσματική Ηγεσία στην Ομάδα, Συμπεράσματα, Βιβλιογραφικές Αναφορές. |
| 700 1# - ΠΡΟΣΘΕΤΗ ΑΝΑΓΡΑΦΗ--ΦΥΣΙΚΟ ΠΡΟΣΩΠΟ | |
| Personal name | Μεντζελίδης Γιώργος |
| 9 (RLIN) | 8839 |
| 942 ## - ADDED ENTRY ELEMENTS (KOHA) | |
| Koha item type | Books |
| Τύπος τεκμηρίου | Βιβλιοθήκη | Τρέχουσα τοποθεσία | Barcode | Αριθμός εισαγωγής | Ημερομηνία απόκτησης | Ταξιθετικό σύμβολο | Αριθμός αντιτύπου | Κατάσταση απόσυρσης | Κατάσταση χαμένου | Κατάσταση κατεστραμμένου | Μη δανεισμός | Σύνολο δανεισμών | Ημερομηνία τελευταίας εμφάνισης | Η τιμή ισχύει από |
|---|---|---|---|---|---|---|---|---|---|---|---|---|---|---|
| Books | MC Athens Campus Library | MC Athens Campus Library | 9780000082794 | 7632 | 05/06/2025 | 658.4022 MEN | 1 | 05/06/2025 | 05/06/2025 |